000 00411nam a2200181Ia 4500
005 20250603145907.0
008 250603s9999 xx 000 0 und d
020 _a978-154662-X
050 _aPR 9387.9 .U38 .L64/
100 _aUkala, Sam
245 4 _aThe log in your eye
260 _aIbadan
260 _bUniversity press ltd
260 _c1998
300 _a83 p
650 _aIbadan
942 _cBK
999 _c43168
_d43168